|
|
|
|
| LEADER |
00000nam0a2200000 4500 |
| 001 |
338126 |
| 005 |
20231102005022.0 |
| 035 |
|
|
|a (RuTPU)RU\TPU\book\364615
|
| 090 |
|
|
|a 338126
|
| 100 |
|
|
|a 20171120d1931 k y0rusy50 ca
|
| 101 |
0 |
|
|a rus
|
| 102 |
|
|
|a RU
|
| 105 |
|
|
|a a z 001zy
|
| 200 |
1 |
|
|a Геохимические проблемы Союза
|h Очерк 1 : Основные черты геохимии Союза
|f А. Е. Ферсман
|g Академия наук СССР (АН СССР), Совет по изучению производительных сил
|
| 210 |
|
|
|a Ленинград
|c Изд-во Академии наук СССР
|d 1931
|
| 215 |
|
|
|a 39 с.
|c ил.
|
| 225 |
1 |
|
|a Труды совета по изучению производительных сил
|i Серия полезных ископаемых
|v Вып. 2
|
| 320 |
|
|
|a Библиогр.: с. 38-39
|
| 606 |
1 |
|
|a Геохимия
|2 stltpush
|3 (RuTPU)RU\TPU\subj\6296
|9 34219
|
| 610 |
1 |
|
|a библиотека М. А. Усова
|
| 610 |
1 |
|
|a геологическая история
|
| 610 |
1 |
|
|a геохимические поля
|
| 610 |
1 |
|
|a геолого-геохимическая характеристика
|
| 610 |
1 |
|
|a щиты
|
| 610 |
1 |
|
|a пояса
|
| 610 |
1 |
|
|a зоны
|
| 610 |
1 |
|
|a геохимические системы
|
| 610 |
1 |
|
|a узловые точки
|
| 675 |
|
|
|a 550.4
|v 4
|
| 700 |
|
1 |
|a Ферсман
|b А. Е.
|
| 712 |
0 |
2 |
|a Академия наук СССР (АН СССР)
|b Совет по изучению производительных сил
|c (Ленинград/Москва)
|c (1925-1991)
|2 stltpush
|3 (RuTPU)RU\TPU\col\722
|
| 801 |
|
1 |
|a RU
|b 63413507
|c 20171120
|
| 801 |
|
2 |
|a RU
|b 63413507
|c 20180228
|g RCR
|
| 942 |
|
|
|c BK
|